Teshuvot Maram Yafeh. (Record no. 32696)

MARC details
000 -LEADER
fixed length control field 00614cam a22002291 4500
001 - CONTROL NUMBER
control field he 67001961
003 - CONTROL NUMBER IDENTIFIER
control field DLC
005 - DATE AND TIME OF LATEST TRANSACTION
control field 20260227111450.0
008 - FIXED-LENGTH DATA ELEMENTS--GENERAL INFORMATION
fixed length control field 840703s1852 gw 000 0 heb
010 ## - LIBRARY OF CONGRESS CONTROL NUMBER
LC control number he 67001961
035 ## - SYSTEM CONTROL NUMBER
System control number (OCoLC)19161377
040 ## - CATALOGING SOURCE
Original cataloging agency DLC
Transcribing agency MH
Modifying agency DLC
042 ## - AUTHENTICATION CODE
Authentication code premarc
050 00 - LIBRARY OF CONGRESS CALL NUMBER
Classification number BM522.5
Item number .A33 1852
100 1# - MAIN ENTRY--PERSONAL NAME
Personal name Jaffe, Mordechai Michael.
245 10 - TITLE STATEMENT
Title Teshuvot Maram Yafeh.
260 ## - PUBLICATION, DISTRIBUTION, ETC.
Place of publication, distribution, etc. Hamburg :
Name of publisher, distributor, etc. Bi-defus N. Halbershṭadṭ,
Date of publication, distribution, etc. 612 [1852]
300 ## - PHYSICAL DESCRIPTION
Extent 174 p. ;
Dimensions 22 cm.
500 ## - GENERAL NOTE
General note No more published.
650 #0 - SUBJECT ADDED ENTRY--TOPICAL TERM
Topical term or geographic name entry element Responsa
Chronological subdivision 1800-1948.
752 ## - ADDED ENTRY--HIERARCHICAL PLACE NAME
Country or larger entity Germany
City Hamburg

No items available.

Powered by Koha